| 000 | 01014cam a2200289 a 4500 | ||
|---|---|---|---|
| 999 |
_c130324 _d130324 |
||
| 001 | 1016422 | ||
| 003 | ARRUPE | ||
| 005 | 20200207103310.0 | ||
| 008 | 870520t19861973enkaf b 001 0 eng c | ||
| 010 | _a 87672855 | ||
| 020 |
_a0091687616 (pbk.) : _c£4.95 |
||
| 040 |
_aMH _cMH _dDLC |
||
| 043 | _ae-uk--- | ||
| 050 | 0 | 0 |
_aHQ1596 _b.D38 1973 |
| 100 | 1 |
_aDavidoff, Leonore. _949438 |
|
| 245 | 1 | 4 |
_aThe best circles : _bsociety etiquette and the season / _cLeonore Davidoff ; new introduction by Victoria Glendinning. |
| 260 |
_aLondon : _bCroom Helm, _c c1973. |
||
| 300 |
_axii, 127 p., [24] p. of plates : _bill. ; _c22 cm. |
||
| 500 | _aIncludes index. | ||
| 504 | _aBibliography: p. 118-120. | ||
| 650 | 0 |
_aUpper class women _zGreat Britain. _949439 |
|
| 650 | 0 |
_aSocial classes _zGreat Britain. _949440 |
|
| 650 | 0 |
_aUpper class _zGreat Britain _xHistory. _949441 |
|
| 651 | 0 |
_aGreat Britain _xSocial conditions. _927639 |
|
| 906 |
_a7 _bcbc _corignew _du _encip _f19 _gy-gencatlg |
||
| 942 |
_2lcc _cMONOGRAPH |
||